000
00304nam a22001337a 4500
008
171018b xxu||||| |||| 00| 0 eng d
020
_a
x0008454y1
041
_a
eng
080
_2
3RD
_a
338
100
_a
53
101
_a
MEN
245
_a
DESIGNING AND MANAGING PROGRAMS
_c
KETTNER,P.M
942
_2
udc
_c
BK
999
_c
34611
_d
34611